Aldous Huxley : (Record no. 68277)
[ view plain ]
| 000 -LEADER | |
|---|---|
| fixed length control field | 00559nam a2200205 a 4500 |
| 001 - CONTROL NUMBER | |
| control field | 68277 |
| 003 - CONTROL NUMBER IDENTIFIER | |
| rucl marc code | BD-RjUL |
| 005 - DATE AND TIME OF LATEST TRANSACTION | |
| control field | 20211209081742.0 |
| 008 - FIXED-LENGTH DATA ELEMENTS--GENERAL INFORMATION | |
| fixed length control field | 170401s1957 enk||||| |||| 00| 0 eng d |
| 035 ## - SYSTEM CONTROL NUMBER | |
| System control number | (BD-RjUL)68487 |
| 040 ## - CATALOGING SOURCE | |
| Original cataloging agency | BD-RjUL |
| Language of cataloging | eng |
| Transcribing agency | BD-RjUL |
| 041 ## - LANGUAGE CODE | |
| Language code of text/sound track or separate title | eng |
| 082 ## - DEWEY DECIMAL CLASSIFICATION NUMBER | |
| Edition number | 23 |
| Classification number | 821.91 |
| Author mark and year | ATA 1957 |
| 100 ## - MAIN ENTRY--PERSONAL NAME | |
| Personal name | Atkins, John. |
| 9 (RLIN) | 202424 |
| 245 ## - TITLE STATEMENT | |
| Title | Aldous Huxley : |
| Remainder of title | a literary study / |
| Statement of responsibility, etc. | John Atkins |
| 260 ## - PUBLICATION, DISTRIBUTION, ETC. (IMPRINT) | |
| Place of publication, distribution, etc. | London : |
| Name of publisher, distributor, etc. | John calder, |
| Date of publication, distribution, etc. | c1957. |
| 300 ## - PHYSICAL DESCRIPTION | |
| Pagination | 224 p. ; |
| Size | 24 cm. |
| 650 ## - SUBJECT ADDED ENTRY--TOPICAL TERM | |
| Topical term or geographic name as entry element | Huxley, Aldous, 1894-1963 |
| 9 (RLIN) | 202425 |
| 942 ## - ADDED ENTRY ELEMENTS (KOHA) | |
| Source of classification or shelving scheme | Dewey Decimal Classification |
| Koha item type | Books |
| Lost status | Source of classification or shelving scheme | Damaged status | Not for loan | Collection code | Permanent Location | Current Location | Shelving location | Date acquired | Source of acquisition | Cost, normal purchase price | Total Checkouts | Full call number | Date last seen | Copy number | Koha item type |
|---|---|---|---|---|---|---|---|---|---|---|---|---|---|---|---|
| Dewey Decimal Classification | Not For Loan | Non-fiction | Central Library, University of Rajshahi | Central Library, University of Rajshahi | Reading Room | 30/01/1961 | Dacca, provincial | 45.75 | 821.91 ATA 1957 | 01/04/2017 | C-1 | Books |